| 000 | 00557nam a2200193 4500 | ||
|---|---|---|---|
| 003 | OSt | ||
| 005 | 20240315145239.0 | ||
| 008 | 151209b xxu||||| |||| 00| 0 eng d | ||
| 020 | _a0130980439 | ||
| 040 | _c040a | ||
| 082 | _a005.74 GAR 2002 | ||
| 100 |
_aGarcia-Molina, Hector; Ullman, D. Jeffrey; Widom, Jennifer _916910 |
||
| 245 | _aDatabase Systems :the complete book | ||
| 260 |
_aNew Jersey; _bPrentice Hall, _c2002 |
||
| 300 |
_axxvii, 1119p; _bill : _c15 cm |
||
| 504 | _aincludes index | ||
| 650 |
_aDatabase systems _95794 |
||
| 942 |
_2ddc _cSLOAN |
||
| 999 |
_c2851 _d2851 |
||